=LDR 00000nam 2200000 4500 =001 INLIS000000000024161 =005 20130612122751 =008 ***********************************Ind** =035 ##$$0010-061300000024161 =041 ##$$a Ind =082 ##$$a 530.076 =090 ##$$a 530.076, Fos s =100 ##$$a Foster, Bob =245 ##$$a Seribu pena fisika SLTP jilid 1, Bob Foster =260 ##$$a 1999 $b Jakarta =650 ##$$a Fisika =850 ##$$a NBPNMAT =990 ##$$a 1282412824 =990 ##$$a 153389/Pro.2000 =990 ##$$a 00051391 =990 ##$$a 01201436161